Statistics for Country and Place Name Etymology Fun Times Quiz

Click here to take the quiz!

General Stats

  • This quiz has been taken 309 times
  • The average score is 30 of 72

Answer Stats

EtymologyCountry/Place% Correct
Land of the Rising SunJapan
87%
White RussiaBelarus
84%
Land of the FranksFrance
82%
Country of BengalBangladesh
80%
Land of the RusRussia
79%
Land of IceIceland
78%
Southern LandAustralia
76%
Low CountriesNetherlands
74%
The SaviorEl Salvador
71%
Country of the TswanaBotswana
68%
FreeLiberia
68%
Black MountainMontenegro
68%
Northern WayNorway
68%
Rich CoastCosta Rica
67%
Green CapeCape Verde
66%
Ivory CoastCote d'Ivoire
65%
Land of the AryansIran
63%
Land of Tanganyika and ZanzibarTanzania
63%
Ancient & BeardedAntigua and Barbusa
61%
Roman RealmRomania
60%
Holy Trinity & TobaccoTrinidad and Tobago
59%
Lands of Prince Philip of AsturiasPhilippines
58%
Little VeniceVenezuela
55%
Struggled with GodIsrael
54%
VillageCanada
53%
Lion CitySingapore
53%
Land of the Rundi-SpeakersBurundi
52%
Home of the ka of PtahEgypt
50%
Land of the AestiEstonia
47%
Eastern MarchAustria
45%
Land of the BlacksEthiopia/ Sudan
45%
Land of the MoorsMauritania
45%
Lion MountainsSierra Leone
44%
Sunday IslandDominica
43%
The Fertile PlaceIreland
43%
Land of the Angles *England
42%
Light StoneLiechtenstein
42%
GilbertKiribati
37%
Small Islands *Micronesia
37%
LakeChad
36%
Little CastleLuxembourg
36%
Land of the PurePakistan
36%
The ShallowsBahamas
35%
Land of the Long White CloudNew Zealand (Aotearoa)
33%
Land of HyraxesSpain
33%
The Two SeasBahrain
32%
Alliance of the Ten TribesHungary
31%
Land of the Red SeaEritrea
30%
Holy IslandSri Lanka
26%
Land of NdongoAngola
25%
ShrimpCameroon
25%
Eastern EastEast Timor
24%
LandUkraine
24%
Land of Honest MenBurkina Faso
23%
Many Islands *Polynesia
23%
Mountainous LandHaiti
20%
DepthsHonduras
19%
Field of BlackbirdKosovo
18%
Land of Forty TribesKyrgyzstan
18%
Land of HoneyMalta
18%
Single DwellingMonaco
18%
Warrior KingGhana
17%
There!Brunei
15%
Home of the FreeUzbekistan
15%
ForestGuatemala
14%
I Go to the BeachNauru
14%
CloakGabon
13%
Place of Many FishPanama
13%
Dark Islands *Melanesia
12%
Holy CentreSamoa
12%
Fragrant Harbour *Hong Kong
8%
Behold a Coconut! *Niue
0%

Score Distribution

Percentile by Number Answered

Percent of People with Each Score

Your Score History

You have not taken this quiz